Book-keeping and accounts : (Record no. 185931)
[ view plain ]
| 000 -LEADER | |
|---|---|
| fixed length control field | 00685 a2200217 4500 |
| 003 - CONTROL NUMBER IDENTIFIER | |
| control field | Nust |
| 005 - DATE AND TIME OF LATEST TRANSACTION | |
| control field | 20230321120859.0 |
| 010 ## - LIBRARY OF CONGRESS CONTROL NUMBER | |
| LC control number | 2009035734 |
| 020 ## - INTERNATIONAL STANDARD BOOK NUMBER | |
| International Standard Book Number | 9780273723950 (pbk.) |
| 040 ## - CATALOGING SOURCE | |
| Transcribing agency | Nust |
| 082 00 - DEWEY DECIMAL CLASSIFICATION NUMBER | |
| Classification number | 657.2,CRO |
| 100 1# - MAIN ENTRY--PERSONAL NAME | |
| Personal name | Cropper, Cuthbert |
| 9 (RLIN) | 110824 |
| 245 10 - TITLE STATEMENT | |
| Title | Book-keeping and accounts : |
| Statement of responsibility, etc. | a textbook for students / |
| Remainder of title | Cuthert Cropper |
| 250 ## - EDITION STATEMENT | |
| Edition statement | 18th ed. |
| 260 ## - PUBLICATION, DISTRIBUTION, ETC. | |
| Place of publication, distribution, etc. | New York : |
| Name of publisher, distributor, etc. | Macdonald and evans |
| Date of publication, distribution, etc. | 1945. |
| 300 ## - PHYSICAL DESCRIPTION | |
| Extent | 946p |
| 505 0# - FORMATTED CONTENTS NOTE | |
| Formatted contents note | Elementary (Page-1), Elementary Practical Book Keeping (Page-21), Practical Accounting (Page-206), Examinations (Page-600). |
| 650 #0 - SUBJECT ADDED ENTRY--TOPICAL TERM | |
| Topical term or geographic name entry element | Accounting. |
| 9 (RLIN) | 14627 |
| 650 #0 - SUBJECT ADDED ENTRY--TOPICAL TERM | |
| Topical term or geographic name entry element | Bookkeeping. |
| 9 (RLIN) | 110825 |
| 942 ## - ADDED ENTRY ELEMENTS (KOHA) | |
| Source of classification or shelving scheme | |
| Koha item type | Book |
| Withdrawn status | Lost status | Source of classification or shelving scheme | Damaged status | Not for loan | Permanent Location | Current Location | Shelving location | Date acquired | Full call number | Barcode | Date last seen | Price effective from | Koha item type | Public note |
|---|---|---|---|---|---|---|---|---|---|---|---|---|---|---|
| Military College of Signals (MCS) | Military College of Signals (MCS) | General Stacks | 12/12/2016 | 657.2,CRO | MCS29991 | 12/08/2016 | 12/12/2016 | Book | Almirah No.75, Shelf No.1 |
